| 000 | 00673nam a2200217 a 4500 | ||
|---|---|---|---|
| 001 | BRCA_4791 | ||
| 005 | 20190320204816.0 | ||
| 008 | 111010c1947----fr-#######---#000-0#fre-# | ||
| 041 | _afre | ||
| 044 | _afr | ||
| 050 | 4 |
_aTR680 _b.J68 1947 |
|
| 100 | 1 |
_aJourdain, Francis _912129 |
|
| 245 | 1 | 0 |
_aRenoir le moulin de la galette _ctexte de Francis Jourdain. |
| 260 |
_aFrancia _bBraun & Cie _c1947 |
||
| 300 |
_a17 p. _bil. 14 láminas a color _c37 cm. |
||
| 440 | 0 |
_aMorceaux choisis _912130 |
|
| 600 | 1 | 4 |
_aPierre Auguste Renoir _d1841-1920 _912131 |
| 650 | 1 | 4 |
_aImpresionismo _ySiglo XIX _912132 |
| 651 | 4 |
_aFrancia _vExposiciones _xPintura flamenca _911971 |
|
| 942 |
_2lcc _cB |
||
| 999 |
_c4488 _d4488 |
||